000 00335 a2200121 4500
001 ART_11181
005 20260410161655.0
008 260409a
245 1 0 _aCo-liderazgo
100 1 _aBennis, Warren
700 1 _aHeenan, David A.
773 0 _tHarvard Deusto Business Review
_g- NÂș 104 (sep./oct. 2001)
_wREV521
999 _c14611
_d14611